000 00492nam a2200193 a 4500
001 1774864341710
003 YourLibrary
005 20260330152417.0
008 260330s1986##################000#0#eng##
020 _a9780671628208
082 0 4 _a355.82510720
_bBRO
100 1 _aBroad, William J,
_eauthor.
245 1 0 _aStar Warriors :
260 _bSimon and Schuster,
_c1986.
300 _a252 pages
650 0 _aHistory.
942 _cENGLISH
040 _aYourLibrary
_beng
_cYourLibrary
999 _c618231
_d618231